Anar al contingut

Моделирование экосистем. Методические указания к выполнению лабораторных работ

Рассмотрены алгоритмы обработки статистических материалов: группировка исходных материалов, вычисление статистических показателей распределения признака, вычисление кривой нормального распределения, критериев достоверности различия, показателей меры связи. Рассмотрен пример вычисления простейших рег...

Descripció completa

Guardat en:
Dades bibliogràfiques
Format: Книга
Idioma:Russian
Publicat: Архангельск САФУ 2014
Accés en línia:https://e.lanbook.com/book/96554
https://e.lanbook.com/img/cover/book/96554.jpg
Etiquetes: Afegir etiqueta
Sense etiquetes, Sigues el primer a etiquetar aquest registre!
LEADER 01955nam0a2200217 i 4500
001 96554
003 RuSpLAN
005 20221220174001.0
008 221220s2014 ru gs 000 0 rus
040 |a RuSpLAN 
041 0 |a rus 
044 |a ru 
245 0 0 |a Моделирование экосистем. Методические указания к выполнению лабораторных работ 
260 |a Архангельск  |b САФУ  |c 2014 
300 |a 52 с. 
504 |a Библиогр.: доступна в карточке книги, на сайте ЭБС Лань 
520 8 |a Рассмотрены алгоритмы обработки статистических материалов: группировка исходных материалов, вычисление статистических показателей распределения признака, вычисление кривой нормального распределения, критериев достоверности различия, показателей меры связи. Рассмотрен пример вычисления простейших регрессионных уравнеий и их оценка. В приложении приведены необходимые исходные и справочные материалы. Предназначены для студентов лесотехнического института направлений подготовки 250100.62 “Лесное дело” и 250700.62 “Ландшафтная архитектура” очной и заочной формы обучения. 
521 8 |a Книга из коллекции САФУ - Лесное хозяйство и лесоинженерное дело 
856 4 |u https://e.lanbook.com/book/96554 
856 4 8 |u https://e.lanbook.com/img/cover/book/96554.jpg 
953 |a https://e.lanbook.com/img/cover/book/96554.jpg